000 00776nam a2200217 i 4500
001 116754
003 ES-MaACL
005 20250929063154.0
007 t|
008 061121s1935 sp r ||||1| spa d
100 1 _aPascua, Marcelino,
_d1897-1977
_989336
245 1 0 _aMorbilidades globales /
_cpor el Dr. Marcelino Pascua.
260 _aMadrid :
_b[Instituto Nacional de Previsión],
_c1935 (
_fSobrinos de la Suc. de M. Minuesa)
300 _a77 p., 2 lám. ;
_c22 cm.
594 _aPrecede al tít.: Publicaciones del Instituto Nacional de Previsión.
650 _aMorbilidad-
_zEspaña.
_9172753
710 2 _aInstituto Nacional de Previsión (España)
_95180
852 _aES-MaACL
_j1809-F-11
852 _aES-MaACL
_j1818-F-9
999 _c116754
_d116754